| 000 | 00437nam a2200169Ia 4500 | ||
|---|---|---|---|
| 005 | 20250508152010.0 | ||
| 008 | 008 250505s9999 xx 000 0 eng d | ||
| 037 | _aTextual | ||
| 040 |
_aFEDL _beng _cFEDL |
||
| 041 |
_aeng _2eng |
||
| 084 |
_a954, SAS _qFEDL |
||
| 100 | _aRamaswami Sastri K S | ||
| 245 | 0 | _aHindu culture and the modern age | |
| 300 | _a426p | ||
| 942 |
_cTEXL _h954, SAS |
||
| 999 |
_c1333478 _d1333478 |
||